000 00491nam a22001697a 4500
003 SGT
020 _a9780323354783
082 _a616.025
_bR19R
100 _aROBERTS, JAMES R.
245 _aROBERTS & HEDGES' CLINICAL PROCEDURES IN EMERGENCY MEDICINE ACUTE CARE
250 _a7TH
260 _aPHILADELPHIA
_bELSEVIER PUB
_c2019
300 _a1581
650 _aEMERGENCY MEDICINE
653 _aROBERTS & HEDGES' CLINICAL PROCEDURES IN EMERGENCY MEDICINE ACUTE CARE
942 _2ddc
_cBK
999 _c30862
_d30862